LIBRARY & INFORMATION CENTRE, KCAET, TAVANUR

ONLINE PUBLIC ACCESS CATALOGUE (OPAC)

Preface to chaucer : Studies in medieval perspectives / (Record no. 3567)

MARC details
000 -LEADER
fixed length control field 00404cam a2200145ua 4500
041 ## - LANGUAGE CODE
Language code of text/sound track or separate title eng
082 ## - DEWEY DECIMAL CLASSIFICATION NUMBER
Classification number 828.09
Item number ROB/PR
100 ## - MAIN ENTRY--AUTHOR NAME
Personal name Robertson, D W .
245 ## - TITLE STATEMENT
Title Preface to chaucer : Studies in medieval perspectives /
260 ## - PUBLICATION, DISTRIBUTION, ETC. (IMPRINT)
Place of publication New Jerscey :
Name of publisher Princeton University Press ,
Year of publication 1950.
300 ## - PHYSICAL DESCRIPTION
Number of Pages 602 ; .
942 ## - ADDED ENTRY ELEMENTS (KOHA)
Koha item type Books
Holdings
Withdrawn status Lost status Damaged status Home library Current library Date acquired Cost, normal purchase price Full call number Accession Number Koha item type Public note
Withdrawn     KAUAET Sanskrit University 07/04/2012 60.00 828.09 7073 Books Transferred to Sanskrit University
free website counter